| 000 | 01181nam a22003497a 4500 | ||
|---|---|---|---|
| 003 | CHAP | ||
| 005 | 20220817041157.0 | ||
| 008 | 971013s1983 r 00010 d | ||
| 010 | _a7979 | ||
| 011 | _a8951 | ||
| 035 | _a8185 | ||
| 040 | _cCHAP | ||
| 082 |
_a636.080913 _bD51 |
||
| 110 |
_aDiagnóstico Integral de la Ganadería Bovina en el Trópico Mexicano _932396 |
||
| 245 |
_aProyecto II _b: comercialización del ganado bovino en pie en el trópico mexicano |
||
| 260 |
_a(México, D. F. : _bUACH), _c(1983) |
||
| 300 | _apag. varía | ||
| 500 | _ac.2 incluye solo el manual | ||
| 500 | _aFotocopia | ||
| 590 |
_aBATCH-UPD _b10 _c20130110 _lUCH01 _h1343 |
||
| 590 |
_aBATCH-UPD _b10 _c20130410 _lUCH01 _h0843 |
||
| 590 |
_aBATCH-UPD _b10 _c20130914 _lUCH01 _h1455 |
||
| 590 |
_aCONVERSION _b10 _c20130109 _lUCH01 _h1305 |
||
| 650 | 1 | 4 |
_aGanadería _xTrópicos. _944856 |
| 650 | 1 | 4 |
_aGanado vacuno _xMercadeo. _945481 |
| 700 | 0 |
_aDávalos Flores, José Luis. _933084 |
|
| 710 | 0 | _aUACH. | |
| 901 | _aBK | ||
| 942 | _cLIBRO | ||
| 949 |
_a636.080913 D51 _bBC _cUACH _d-18348 _eUACH _h77057 _i8185 _mD _si |
||
| 949 |
_a636.080913 D51 _bBC _cUACH _d-18349 _eUACH _fc.2 _h73320 _i8185 _mD _si |
||
| 999 |
_c7979 _d7979 |
||